<?xml version="1.0" encoding="UTF-8"?>
<record
    xmlns:xsi="http://www.w3.org/2001/XMLSchema-instance"
    xsi:schemaLocation="http://www.loc.gov/MARC21/slim http://www.loc.gov/standards/marcxml/schema/MARC21slim.xsd"
    xmlns="http://www.loc.gov/MARC21/slim">

  <leader>01168nam a2200265 a 4500</leader>
  <controlfield tag="001">1587</controlfield>
  <controlfield tag="003">BR-CuiBMT</controlfield>
  <controlfield tag="005">20231216013720.0</controlfield>
  <controlfield tag="008">231215s2016    msba          000 0 por d</controlfield>
  <datafield tag="020" ind1=" " ind2=" ">
    <subfield code="a">9788566564075</subfield>
  </datafield>
  <datafield tag="040" ind1=" " ind2=" ">
    <subfield code="a">BR-CuiBMT</subfield>
    <subfield code="c">BR-CuiBMT</subfield>
  </datafield>
  <datafield tag="080" ind1=" " ind2=" ">
    <subfield code="a">351.94:37.014.55</subfield>
    <subfield code="x">(817.1)</subfield>
    <subfield code="2">2007</subfield>
  </datafield>
  <datafield tag="090" ind1=" " ind2=" ">
    <subfield code="a">351.94:37.014.55(817.1)</subfield>
    <subfield code="b">M433i</subfield>
  </datafield>
  <datafield tag="110" ind1="1" ind2=" ">
    <subfield code="a">Mato Grosso do Sul.</subfield>
    <subfield code="b">Tribunal de Contas.</subfield>
  </datafield>
  <datafield tag="245" ind1="1" ind2="0">
    <subfield code="a">IDEB - &#xED;ndice de desenvolvimento da educa&#xE7;&#xE3;o b&#xE1;sica e gastos em educa&#xE7;&#xE3;o :</subfield>
    <subfield code="b">contribui&#xE7;&#xF5;es para an&#xE1;lise das contas municipais do estado de Mato Grosso do Sul 2005/2015 /</subfield>
    <subfield code="c">Tribunal de Contas do Estado de Mato Grosso do Sul ; elaboradora Fernanda Olegario dos Santos Ferreira ... [et al.].</subfield>
  </datafield>
  <datafield tag="260" ind1=" " ind2=" ">
    <subfield code="a">Campo Grande :</subfield>
    <subfield code="b">TCE - Mato Grosso do Sul,</subfield>
    <subfield code="c">2016.</subfield>
  </datafield>
  <datafield tag="300" ind1=" " ind2=" ">
    <subfield code="a">143 p. :</subfield>
    <subfield code="b">il. ;</subfield>
    <subfield code="c">26 cm</subfield>
  </datafield>
  <datafield tag="490" ind1="1" ind2=" ">
    <subfield code="a">S&#xE9;rie transpar&#xEA;ncia ;</subfield>
    <subfield code="v">v. 6</subfield>
  </datafield>
  <datafield tag="650" ind1=" " ind2=" ">
    <subfield code="a">Pol&#xED;ticas p&#xFA;blicas</subfield>
    <subfield code="x">Indicadores</subfield>
    <subfield code="x">IDEB</subfield>
  </datafield>
  <datafield tag="650" ind1=" " ind2=" ">
    <subfield code="a">Avalia&#xE7;&#xE3;o de programas</subfield>
    <subfield code="x">Gastos p&#xFA;blicos</subfield>
  </datafield>
  <datafield tag="650" ind1=" " ind2=" ">
    <subfield code="a">Educa&#xE7;&#xE3;o</subfield>
    <subfield code="x">Ensino fundamental</subfield>
    <subfield code="z">Mato Grosso do Sul</subfield>
  </datafield>
  <datafield tag="700" ind1="1" ind2=" ">
    <subfield code="a">Ferreira, Fernanda Olegario dos Santos </subfield>
    <subfield code="e">et al.</subfield>
    <subfield code="4">elab.</subfield>
  </datafield>
  <datafield tag="830" ind1=" " ind2="0">
    <subfield code="a">Transpar&#xEA;ncia ;</subfield>
    <subfield code="v">6</subfield>
  </datafield>
  <datafield tag="942" ind1=" " ind2=" ">
    <subfield code="2">udc</subfield>
    <subfield code="c">LV</subfield>
  </datafield>
  <datafield tag="952" ind1=" " ind2=" ">
    <subfield code="0">0</subfield>
    <subfield code="1">0</subfield>
    <subfield code="2">udc</subfield>
    <subfield code="4">0</subfield>
    <subfield code="7">0</subfield>
    <subfield code="a">BIBTCEMT</subfield>
    <subfield code="b">BIBTCEMT</subfield>
    <subfield code="d">2023-12-15</subfield>
    <subfield code="l">0</subfield>
    <subfield code="o">351.94:37.014.55(817.1) M433i</subfield>
    <subfield code="p">BIBTCEMT23120685</subfield>
    <subfield code="r">2023-12-16</subfield>
    <subfield code="t">Ex. 1</subfield>
    <subfield code="w">2023-12-16</subfield>
    <subfield code="y">LV</subfield>
  </datafield>
  <datafield tag="999" ind1=" " ind2=" ">
    <subfield code="c">1587</subfield>
    <subfield code="d">1587</subfield>
  </datafield>
</record>
